Statistics for Diseases that start with A

Click here to take the quiz!

General Stats

  • This quiz has been taken 25 times
    (20 since last reset)
  • The average score is 6 of 27

Answer Stats

Answer% Correct
Asthma
53%
acquired immunodeficiency syndrome (AIDS)
47%
Alzheimer's Disease
47%
Arthritis
47%
Anemia
40%
Anorexia nervosa
40%
Anxiety disorders
40%
Acute lymphoblastic leukemia (ALL)
33%
Attention deficit hyperactivity disorder (ADHD)
33%
Autism spectrum disorder (ASD)
33%
acne
27%
Acute myeloid leukemia (AML)
20%
Allergies
20%
Appendicitis
20%
Allergic rhinitis
13%
Abdominal aortic aneurysm
7%
Acute cholecystitis
7%
Addison’s disease
7%
Adenomyosis
7%
Alcohol-related liver disease
7%
Anal cancer
7%
Anaphylaxis
7%
Angioedema
7%
Ankylosing spondylitis
7%
Asbestosis
7%
Atopic eczema
7%
Amyotrophic Lateral Sclerosis (ALS)
0%

Score Distribution

Percentile by Number Answered

Percent of People with Each Score

Your Score History

You have not taken this quiz since the last reset